Atención temprana: guía práctica para la estimulación del niño de 0 a 3 años
Gespeichert in:
| Hauptverfasser: | , |
|---|---|
| Format: | Buch |
| Sprache: | Spanisch |
| Veröffentlicht: |
Madrid
CEPE
1990
|
| Schriftenreihe: | Colección Educación Infantil, 10
|
| Schlagworte: | |
| Tags: |
Tag hinzufügen
Keine Tags, Fügen Sie den ersten Tag hinzu!
|
MARC
| LEADER | 00000nam a2200000 a 4500 | ||
|---|---|---|---|
| 001 | UCW7084 | ||
| 003 | CL-VaPUC | ||
| 008 | 920831e19900000SP |||||||||||||||||spa|d | ||
| 082 | 0 | 4 | |a 372.21 |b VID |2 21 |
| 100 | 0 | |a Vidal Lucena, Margarita |e author |9 312206 | |
| 700 | 0 | |a Díaz Curiel, Juan |e author |9 312207 | |
| 245 | 1 | 0 | |a Atención temprana: guía práctica para la estimulación del niño de 0 a 3 años |
| 300 | |a 205 p | ||
| 942 | |c BK | ||
| 945 | |d 19920831 00:00:00 | ||
| 260 | |a Madrid |b CEPE |c 1990 | ||
| 650 | 0 | |a Educación preescolar |9 260381 | |
| 650 | 0 | |a Jardines infantiles |9 307427 | |
| 650 | 7 | |a ESCUELAS MATERNALES |2 CL-VaPUC |9 312208 | |
| 583 | |a last modification |c 19920831 00:00:00 |k Rodrigo Vera | ||
| 490 | 0 | |a Colección Educación Infantil, 10 | |
| 999 | |c 219964 |d 219962 | ||
| 952 | |0 0 |1 0 |4 0 |6 372_210000000000000_VID_1990 |7 0 |8 A |9 211553 |a BIBEDU |b BIBEDU |d 2019-11-15 |i 2797429 |o 372.21 VID 1990 |p 2797429 |r 2019-11-15 |w 2019-11-15 |y BK |k EDU | ||
| 952 | |0 0 |1 0 |4 0 |6 372_210000000000000_VID_1990 |7 0 |8 A |9 211554 |a BIBEDU |b BIBEDU |d 2019-11-15 |i 3247791 |o 372.21 VID 1990 |p 3247791 |r 2019-11-15 |w 2019-11-15 |y BK |k EDU | ||
| 952 | |0 0 |1 0 |4 0 |6 372_210000000000000_VID_1990 |7 0 |8 A |9 211555 |a BIBEDU |b BIBEDU |d 2019-11-15 |i 3660915 |o 372.21 VID 1990 |p 3660915 |r 2019-11-15 |w 2019-11-15 |y BK |k BME | ||
| 952 | |0 0 |1 0 |4 0 |6 372_210000000000000_VID_1990 |7 0 |8 A |9 211556 |a BIBEDU |b BIBEDU |d 2019-11-15 |i 3660923 |o 372.21 VID 1990 |p 3660923 |r 2019-11-15 |w 2019-11-15 |y BK |k BME | ||
| 952 | |0 0 |1 0 |4 0 |6 372_210000000000000_VID_1990 |7 0 |8 A |9 211557 |a BIBEDU |b BIBEDU |d 2019-11-15 |i 3714659 |o 372.21 VID 1990 |p 3714659 |r 2023-01-12 |w 2019-11-15 |y BK |k MUS | ||